Liverpool one (Record no. 112089)
[ view plain ]
| 000 -LEADER | |
|---|---|
| fixed length control field | 01051cam a22002175a 4500 |
| 001 - CONTROL NUMBER | |
| control field | L152513 |
| 008 - FIXED-LENGTH DATA ELEMENTS--GENERAL INFORMATION | |
| fixed length control field | 110321s2009 xxk f 001 0 eng d |
| 020 ## - INTERNATIONAL STANDARD BOOK NUMBER | |
| International Standard Book Number | 9780470714096 |
| 035 ## - SYSTEM CONTROL NUMBER | |
| System control number | (Sirsi) u152513 |
| 041 0# - LANGUAGE CODE | |
| Language code of text/sound track or separate title | eng |
| 110 2# - MAIN ENTRY--CORPORATE NAME | |
| Corporate name or jurisdiction name as entry element | Littlefield |
| 9 (RLIN) | 5931 |
| 245 00 - TITLE STATEMENT | |
| Title | Liverpool one |
| Remainder of title | remaking a city centre |
| 260 ## - PUBLICATION, DISTRIBUTION, ETC. | |
| Place of publication, distribution, etc. | Chichester |
| Name of publisher, distributor, etc. | Wiley |
| Date of publication, distribution, etc. | 2009 |
| 300 ## - PHYSICAL DESCRIPTION | |
| Extent | 256p. |
| Other physical details | ill. |
| Dimensions | 25 cm. |
| 505 2# - FORMATTED CONTENTS NOTE | |
| Formatted contents note | Historical context -- The 'urban renaissance' -- Consent -- Retail strategy -- Architecture -- Delivery -- Reflections. |
| 520 ## - SUMMARY, ETC. | |
| Summary, etc. | This book reflects the Liverpool city council challenge for international developers to take part of an ambitious initiative to reverse this trend and encourage people to visit, live in and invest in Liverpool once again. The vision was for a reimagined and extended city centre, one that rethought the vast and under-used space between the principal shopping area and the city's historic docks. |
| 521 ## - TARGET AUDIENCE NOTE | |
| Target audience note | Advanced |
| 651 #4 - SUBJECT ADDED ENTRY--GEOGRAPHIC NAME | |
| Geographic name | Liverpool |
| 690 ## - LOCAL SUBJECT ADDED ENTRY--TOPICAL TERM (OCLC, RLIN) | |
| Topical term or geographic name as entry element | PROPERTY-PROPERTY MANAGEMENT-REGENERATION |
| 942 ## - ADDED ENTRY ELEMENTS (KOHA) | |
| Suppress in OPAC | 0 |
| Withdrawn status | Lost status | Source of classification or shelving scheme | Damaged status | Not for loan | Home library | Current library | Shelving location | Date acquired | Total Checkouts | Full call number | Barcode | Date last seen | Copy number | Price effective from | Koha item type |
|---|---|---|---|---|---|---|---|---|---|---|---|---|---|---|---|
| Dewey Decimal Classification | London | London | Books | 21/03/2011 | 720.288 LIT | 30076584 | 06/08/2019 | 1 | 06/08/2019 | Book |